সাহিত্য সংকলন : (Record no. 3249)
[ view plain ]
| 000 -LEADER | |
|---|---|
| fixed length control field | 00871nam a2200217 a 4500 |
| 001 - CONTROL NUMBER | |
| JCCL Control Number | 3249 |
| 003 - CONTROL NUMBER IDENTIFIER | |
| JCCL marc code | BD-JhCC |
| 005 - DATE AND TIME OF LATEST TRANSACTION | |
| control field | 20171119110209.0 |
| 008 - FIXED-LENGTH DATA ELEMENTS--GENERAL INFORMATION | |
| fixed length control field | 171112s1972 bg |||| ||a| 000 0 ben d |
| 035 ## - SYSTEM CONTROL NUMBER | |
| system control number | (BD-JhCC)3249 |
| 040 ## - CATALOGING SOURCE | |
| Original cataloging agency | BD-JhCC |
| Modifying agency | BD-JhCC |
| 041 ## - LANGUAGE CODE | |
| Language code of Book | ben |
| 082 ## - DEWEY DECIMAL CLASSIFICATION NUMBER | |
| Classification number | 891.4409 |
| Author mark and Year | SHA 1972 |
| 245 ## - TITLE STATEMENT | |
| Title | সাহিত্য সংকলন : |
| Remainder of title | গদ্য পদ্য / |
| Statement of responsibility, etc | মাধ্যমিক ও উচ্চ মাধ্যমিক শিক্ষা বোর্ড |
| 260 ## - PUBLICATION, DISTRIBUTION, ETC. (IMPRINT) | |
| Place of publication, distribution, etc | বাংলাদেশ : |
| Name of publisher, distributor, etc | মাধ্যমিক ও উচ্চ মাধ্যমিক শিক্ষা বোর্ড, |
| Date of publication, distribution, etc | 1972 |
| 300 ## - PHYSICAL DESCRIPTION | |
| Pagination | 304 p. : |
| Dimensions | 20 cm. |
| 650 ## - SUBJECT ADDED ENTRY--TOPICAL TERM | |
| Topical term or geographic name as entry element | Collection of Literature |
| 710 ## - ADDED ENTRY--CORPORATE NAME | |
| Corporate name or jurisdiction name as entry element | মাধ্যমিক ও উচ্চ মাধ্যমিক শিক্ষা বোর্ড |
| 942 ## - ADDED ENTRY ELEMENTS (KOHA) | |
| Source of classification or shelving scheme | Dewey Decimal Classification |
| Koha item type | Books |
| Source of classification or shelving scheme | Damaged status | Not for loan | Home library | Current library | Shelving location | Date of accession | Cost, normal purchase price | Total Checkouts | Full call number | Barcode | Date last seen | Copy number | Koha item type |
|---|---|---|---|---|---|---|---|---|---|---|---|---|---|
| Dewey Decimal Classification | JCC Rouf Library | JCC Rouf Library | General Stacks | 11/12/2017 | 3.60 | 891.4409 SHA 1972 | 3775 | 11/12/2017 | C-1 | Books |